[Event "Irish Championship 2010"]
[Site "Dublin IRL"]
[Date "2010.07.04"]
[Round "2"]
[White "Redmond, John P."]
[Black "Fitzsimons, David"]
[Result "1/2-1/2"]
[WhiteElo "2205"]
[BlackElo "2263"]
[BlackICU "2260"]
[WhiteClub "Atticus ENG"]
[BlackClub "Elm Mount"]
[WhiteNationality "IRL"]
[BlackNationality "IRL"]
[WhiteFideId "2500051"]
[BlackFideId "2501961"]
[PlyCount "116"]
[EventDate "2010.07.03"]

{ Event information: <a
href="https://www.irlchess.com/irlch2010_allfiles/pairings_irlch2010.html">Tournament
report</a>. }

1. Nf3 Nf6 2. c4 e6 3. g3 b6 4. Bg2 Bb7 5. O-O c5 6. Nc3 Be7 7. d4 cxd4 8.
Qxd4 d6 9. Rd1 a6 10. b3 Nbd7 11. e4 Qc7 12. Ba3 Nc5 13. e5 dxe5 14. Qxe5
Rc8 15. Qxc7 Rxc7 16. Bxc5 Bxc5 17. Na4 Ke7 18. Ne5 Bxg2 19. Kxg2 Rhc8 20.
Nxc5 Rxc5 21. Nd3 R5c7 22. a4 Nd7 23. a5 Rb7 24. axb6 Rxb6 25. Ra3 Nc5 26.
Nxc5 Rxc5 27. h4 Rc7 28. Rda1 Rcb7 29. Rxa6 Rxb3 30. Ra7 Kd6 31. Rxb7 Rxb7
32. Ra4 Kc5 33. Kf3 f6 34. Kg2 g6 35. Ra6 Re7 36. Ra4 e5 37. Ra8 Kxc4 38.
Rd8 Kc5 39. Rf8 f5 40. h5 Kd5 41. hxg6 hxg6 42. Rg8 Re6 43. Kf3 Kd6 44. Rg7
Kc5 45. Rg8 Rd6 46. Ke2 Kd5 47. Kf3 Kd4 48. Rg7 Kd3 49. Ra7 Kd2 50. Ra2+
Ke1 51. Kg2 e4 52. Ra1+ Rd1 53. Ra3 g5 54. Re3+ Kd2 55. g4 f4 56. Rxe4 Re1
57. Rd4+ Ke2 58. Re4+ Kd2 1/2-1/2

[Event "Irish Championship 2010"]
[Site "Dublin IRL"]
[Date "2010.07.04"]
[Round "2"]
[White "O'Rourke, Ray"]
[Black "Boyle, Bernard"]
[Result "1/2-1/2"]
[WhiteElo "2066"]
[BlackElo "1943"]
[WhiteICU "1932"]
[BlackICU "1850"]
[WhiteClub "Bray/Greystones"]
[BlackClub "Elm Mount"]
[WhiteNationality "IRL"]
[BlackNationality "IRL"]
[WhiteFideId "2501023"]
[BlackFideId "2501830"]
[PlyCount "57"]
[EventDate "2010.07.03"]

{ Event information: <a
href="https://www.irlchess.com/irlch2010_allfiles/pairings_irlch2010.html">Tournament
report</a>. }

1. e4 e6 2. d3 d5 3. Nd2 Nf6 4. Ngf3 b6 5. e5 Nfd7 6. d4 c5 7. c3 cxd4 8.
cxd4 Ba6 9. Bxa6 Nxa6 10. a3 Be7 11. O-O O-O 12. Re1 Rc8 13. Qe2 Nc7 14.
Nf1 f6 15. exf6 Nxf6 16. Ng3 Bd6 17. Bg5 Qe8 18. Rac1 Bxg3 19. hxg3 Ne4 20.
Be3 Qb5 21. Ne5 Qxe2 22. Rxe2 Nb5 23. Rec2 Nbd6 24. Nc6 Rf7 25. Bf4 g5 26.
Be5 Nc4 27. Nb4 Rcf8 28. Nd3 Ned6 29. f4 1/2-1/2

[Event "Irish Championship 2010"]
[Site "Dublin IRL"]
[Date "2010.07.04"]
[Round "2"]
[White "Kalam, Abul"]
[Black "Short, Philip"]
[Result "0-1"]
[BlackTitle "FM"]
[WhiteElo "1646"]
[BlackElo "2296"]
[WhiteICU "1880"]
[BlackICU "2238"]
[WhiteClub "Rathmines"]
[WhiteNationality "IRL"]
[BlackNationality "IRL"]
[WhiteFideId "2501007"]
[BlackFideId "2500086"]
[PlyCount "36"]
[EventDate "2010.07.03"]

{ Event information: <a
href="https://www.irlchess.com/irlch2010_allfiles/pairings_irlch2010.html">Tournament
report</a>. }

1. e4 e6 2. d4 d5 3. e5 c5 4. c3 Nc6 5. Nf3 Bd7 6. Be2 f6 7. exf6 Nxf6 8.
O-O Bd6 9. dxc5 Bxc5 10. Bg5 O-O 11. Nbd2 Qc7 12. b4 Bd6 13. Bxf6 Rxf6 14.
Nb3 Ne5 15. Rc1 Nxf3+ 16. Bxf3 Bxh2+ 17. Kh1 Rh6 18. Rc2 Bg1+ 0-1

[Event "Irish Championship 2010"]
[Site "Dublin IRL"]
[Date "2010.07.04"]
[Round "2"]
[White "Wallace, Paul"]
[Black "Lopez, Alex"]
[Result "0-1"]
[BlackTitle "FM"]
[WhiteElo "2242"]
[BlackElo "2367"]
[WhiteICU "2194"]
[WhiteClub "Lichfield ENG"]
[WhiteNationality "IRL"]
[BlackNationality "IRL"]
[WhiteFideId "2500892"]
[BlackFideId "2501430"]
[PlyCount "62"]
[EventDate "2010.07.03"]

{ Event information: <a
href="https://www.irlchess.com/irlch2010_allfiles/pairings_irlch2010.html">Tournament
report</a>. }

1. e4 c6 2. d4 d5 3. e5 Bf5 4. Nf3 e6 5. Be2 Ne7 6. O-O Nd7 7. Nbd2 Ng6 8.
Nb3 a5 9. Be3 a4 10. Nbd2 a3 11. Qc1 Be7 12. c4 O-O 13. Nb1 dxc4 14. Bxc4
b5 15. Be2 axb2 16. Qxb2 Nb6 17. a3 Be4 18. Nc3 Na4 19. Nxa4 Rxa4 20. Bd2
Qa8 21. Bb4 Qa7 22. Bd1 Ra6 23. Re1 Bd5 24. Re3 Rd8 25. Bxe7 Nxe7 26. Rd3
Bc4 27. Rd2 Ra8 28. a4 bxa4 29. Qc3 Bb5 30. Ra3 Rb8 31. Qa1 h6 0-1

[Event "Irish Championship 2010"]
[Site "Dublin IRL"]
[Date "2010.07.04"]
[Round "2"]
[White "Daly, Colm"]
[Black "Delaney, John"]
[Result "1-0"]
[WhiteTitle "FM"]
[BlackTitle "FM"]
[WhiteElo "2322"]
[BlackElo "2210"]
[WhiteICU "2303"]
[BlackICU "2198"]
[WhiteClub "Bray/Greystones"]
[BlackClub "Rathmines"]
[WhiteNationality "IRL"]
[BlackNationality "IRL"]
[WhiteFideId "2500434"]
[BlackFideId "2500060"]
[PlyCount "45"]
[EventDate "2010.07.03"]

{ Event information: <a
href="https://www.irlchess.com/irlch2010_allfiles/pairings_irlch2010.html">Tournament
report</a>. }

1. Nf3 f5 2. g3 Nf6 3. Bg2 e6 4. O-O d5 5. c4 Bd6 6. b3 Qe7 7. Nc3 c6 8.
cxd5 exd5 9. e3 O-O 10. Bb2 Bd7 11. Qc2 Na6 12. a3 Kh8 13. Ne2 Rac8 14. Nf4
Nc7 15. d3 Ne6 16. Rfe1 Be8 17. b4 Nd7 18. Nxd5 cxd5 19. Qxc8 Nc7 20. Qxb7
Nb6 21. Bd4 Na4 22. Rac1 a6 23. Be5 1-0

[Event "Irish Championship 2010"]
[Site "Dublin IRL"]
[Date "2010.07.05"]
[Round "3"]
[White "Orr, Mark J. L."]
[Black "Daly, Colm"]
[Result "1-0"]
[WhiteTitle "IM"]
[BlackTitle "FM"]
[WhiteElo "2247"]
[BlackElo "2322"]
[WhiteICU "2174"]
[BlackICU "2303"]
[WhiteClub "Wandering Dragons SCO"]
[BlackClub "Bray/Greystones"]
[WhiteNationality "IRL"]
[BlackNationality "IRL"]
[WhiteFideId "2500035"]
[BlackFideId "2500434"]
[PlyCount "137"]
[EventDate "2010.07.03"]

{ Annotator: Colm Daly, <a
href="https://www.irlchess.com/irlch2010_allfiles/icj_1010.pdf#page=6">Irish
Chess Journal, October 2010, pp. 6-8</a>. } { Event information: <a
href="https://www.irlchess.com/irlch2010_allfiles/pairings_irlch2010.html">Tournament
report</a>. }

1. d4 Nf6 2. Nf3 e6 3. Bg5 c5 4. e3 cxd4 5. exd4 b6 6. Bd3 Bb7 7. O-O Be7
8. Nbd2 d6 9. Re1 O-O 10. c3 Nbd7 11. Bf1 Re8 12. g3 Qc7 13. Bg2 Rad8 14.
Nf1 e5 15. Ne3 h6 16. Bxf6 Nxf6 17. Rc1 Bf8 18. Nh4 e4 19. Bf1 d5 20. f4 a6
21. Ng4 Nxg4 22. Qxg4 b5 23. a3 Bc8 24. Qe2 g5 25. Ng2 f5 26. Qe3 Qg7 27.
Be2 Bd6 28. Rf1 Re7 29. Rf2 Rc7 30. Rcf1 g4 $6 { &ldquo;Black has had a
comfortable advantage for some time but this move only makes it easier for
White to defend and rules out a range of options and plans which would give
White something to constantly worry about. Keeping the tension would leave
Black with a nice advantage to work with.&rdquo; } 31. Qd2 h5 32. Ne3 Be6
33. Qd1 Qd7 34. Qb3 Qc6 (34... h4 $5) 35. h3 { &ldquo;A curious move which
I assumed was bad but it is hard to be sure.&rdquo; } 35... Rh7 36. hxg4 $6
{ &ldquo;This really did surprise me as I had the firm idea that the main
idea was to now play h4 and so shut of a whole avenue of attack for Black.
After all, Black has the space advantage on this side of the board so it
should be easier for Black to make use of the open h-file.&rdquo; } 36...
hxg4 37. Rh2 Rxh2 38. Kxh2 Rd7 39. Kg2 Rh7 40. Qd1 Qc7 $1 41. Rh1 Bxf4 $1 {
&ldquo;This is probably the only, or at least the best try for a win for
Black. He has been better all through the game from the opening and after
some careless and lazy play has found most of his advantage dissipated.
&rdquo; } 42. gxf4 Qxf4 43. Rxh7 Kxh7 44. Qg1 Kg6 45. Qf2 Qh6 $2 ({
&ldquo;Made too quickly, and a very careless mistake which throws away any
winning chances. As it happens White has a saving resource which I had not
seen and after the correct move } 45... Kg5 { it appears White does indeed
have a saving resource but we will never know if White would have found it.
Now it is Black who must take care to make a draw. } (45... Kg5 46. Bxg4 $1
fxg4 47. Qg3 Bg8 48. Kh2 a5 49. Kg2 a4 50. Kh2 Qxg3+ 51. Kxg3 Be6 52. Nf1
Bf7 53. Ne3 Be6 $10) (45... Qxf2+ 46. Kxf2 Kg5 47. Bxg4 $1 $1 { Probably
the only way to draw. } 47... fxg4 48. Kg3 $10) { .&rdquo; }) 46. Kg3 $1 {
&ldquo;Probably the only useful move for White and Black must play very
carefully now.&rdquo; } 46... Qh3+ 47. Kf4 Kf6 $2 ({ &ldquo;Possibly or
probably losing now. } 47... Qh6+ 48. Kg3 (48. Ke5 Bc8 $10) 48... Qh3+ $10
{ &rdquo;. }) 48. Bf1 Qh1 49. Kg3 Kg5 { &ldquo;The best practical
try.&rdquo; } 50. Qf4+ Kh5 $2 { &ldquo;This should lose on the spot, but it
was worth a try after already going wrong.&rdquo; } 51. Kf2 $2 ({
&ldquo;Black now gets a second chance to draw after having gone wrong on
move 47. } 51. Nxf5 $1 { would have won on the spot.&rdquo; }) 51... Qf3+
52. Qxf3 exf3 $4 ({ &ldquo;This just throws away the draw which was to be
had with gxf3. A pretty awful way to lose considering White was just
hanging on for most of the game, but that is chess for you. You must work
harder at the board and keep playing the right moves right up to the end. }
52... gxf3 $1 { when what was played in the actual game does not work here.
A sample line might be as given here now. The position is equal with best
play but White has to be more careful than Black. } 53. a4 f4 54. Nc2 $2 (
54. axb5 fxe3+ 55. Kxe3 axb5 56. Bxb5 Kh4 57. b4 Bh3 58. Bc6 Kg3) 54...
bxa4 55. Bxa6 Kg4 56. Bb5 e3+ 57. Nxe3+ fxe3+ 58. Kxe3 Kg3 59. Bxa4 f2 60.
Bb5 Kg2 61. Kf4 Bd7 62. Bd3 Bh3 63. Ke5 Kg1 64. Kxd5 $4 Bf1 65. Bf5 {
.&rdquo; }) 53. a4 { &ldquo;As it happens the position is now actually
winning for White but my next move is comical in its stupidity. I could
have resigned but inertia sees me play on a few pointless moves. Overall a
pretty awful loss, and another nice gift for Orr. Coming just a round after
Stephen Brady blundered from an actual winning position, as opposed to my
merely better position. Though I was comfortably better from move 13
onwards and probably should have been able to extract a win from the
position. However I can't claim I was ever actually winning. With luck like
this Orr could go on to win the event, but I still very much doubt it. In
fact I reckon I will finish ahead of him by the end of the event. &rdquo; }
53... f4 $4 (53... Kg5 54. axb5 axb5 55. Bxb5 Kf4 56. Nf1 Kg5 57. Bc6 f4
58. b4) 54. Nxg4 { &ldquo;Game over.&rdquo; } 54... Kxg4 55. axb5 a5 56. b6
Bc8 57. Bb5 Bb7 58. Bd7+ Kg5 59. Kxf3 Kf6 60. Kxf4 Ke7 61. Bb5 Kd6 62. Kf5
Bc8+ 63. Kf6 Bb7 64. Kf7 Ba8 65. Ke8 Bc6+ 66. Kd8 Bb7 67. Bd7 Bc6 68. Bc8
a4 69. b7 1-0

[Event "Irish Championship 2010"]
[Site "Dublin IRL"]
[Date "2010.07.05"]
[Round "3"]
[White "Duffy, Seamus"]
[Black "Brady, Stephen"]
[Result "0-1"]
[BlackTitle "FM"]
[WhiteElo "1996"]
[BlackElo "2376"]
[WhiteICU "1876"]
[BlackICU "2354"]
[WhiteClub "Bray/Greystones"]
[BlackClub "Phibsboro"]
[WhiteNationality "IRL"]
[BlackNationality "IRL"]
[WhiteFideId "2501708"]
[BlackFideId "2500124"]
[PlyCount "72"]
[EventDate "2010.07.03"]
[WhiteFullName "Duffy, S&eacute;amus"]

{ Event information: <a
href="https://www.irlchess.com/irlch2010_allfiles/pairings_irlch2010.html">Tournament
report</a>. }

1. e4 c5 2. a3 e5 3. Nc3 Nf6 4. f4 Nc6 5. Nf3 exf4 6. d4 cxd4 7. Nxd4 Bc5
8. Nxc6 bxc6 9. Bxf4 O-O 10. e5 Qb6 11. Bd3 Re8 12. Kf1 Qxb2 13. Bd2 Nd5
14. Qe1 Qb8 15. Qh4 g6 16. Re1 Rxe5 17. Nxd5 cxd5 18. Qd8+ Kg7 19. Qh4
Rxe1+ 20. Qxe1 Qd6 21. g3 Bb7 22. Bf4 Qe6 23. Qc3+ d4 24. Qxc5 Bxh1 25.
Qxd4+ f6 26. Bc4 d5 27. Be2 Qe4 28. Qf2 Qxc2 29. Qe3 Qb1+ 30. Kf2 Qe4 31.
Bh6+ Kg8 32. Qc5 Re8 33. Qb5 g5 34. Qa6 Qe3+ 35. Kf1 Bg2+ 36. Ke1 Bf3 0-1

[Event "Irish Championship 2010"]
[Site "Dublin IRL"]
[Date "2010.07.05"]
[Round "3"]
[White "O'Connell, Gerard"]
[Black "Kalam, Abul"]
[Result "1-0"]
[WhiteElo "2136"]
[BlackElo "1646"]
[WhiteICU "2095"]
[BlackICU "1880"]
[WhiteClub "St. Benildus"]
[BlackClub "Rathmines"]
[WhiteNationality "IRL"]
[BlackNationality "IRL"]
[WhiteFideId "2500493"]
[BlackFideId "2501007"]
[PlyCount "69"]
[EventDate "2010.07.03"]

{ Event information: <a
href="https://www.irlchess.com/irlch2010_allfiles/pairings_irlch2010.html">Tournament
report</a>. }

1. d4 d5 2. c4 c6 3. Nf3 Nf6 4. Nc3 e6 5. Bg5 Be7 6. e3 O-O 7. Rc1 Nbd7 8.
Bd3 dxc4 9. Bxc4 Nd5 10. Bxe7 Qxe7 11. O-O Nxc3 12. Rxc3 e5 13. dxe5 Nxe5
14. Nxe5 Qxe5 15. f4 Qf6 16. f5 Kh8 17. e4 b5 18. Bb3 Ba6 19. e5 Qxe5 20.
f6 Rad8 21. fxg7+ Qxg7 22. Rd3 Rxd3 23. Qxd3 f6 24. Rf3 Qe7 25. Bc2 Bc8 26.
Re3 Qc7 27. b4 a6 28. Qd4 Qf7 29. Qd6 f5 30. h3 Qg7 31. Bb3 f4 32. Re7 Qa1+
33. Kh2 Qc3 34. Qh6 Qg3+ 35. Kh1 1-0

[Event "Irish Championship 2010"]
[Site "Dublin IRL"]
[Date "2010.07.05"]
[Round "3"]
[White "Murray, David"]
[Black "Delaney, Killian"]
[Result "1-0"]
[WhiteElo "2021"]
[BlackElo "2034"]
[WhiteICU "1962"]
[BlackICU "1999"]
[WhiteClub "Gonzaga"]
[BlackClub "Rathmines"]
[WhiteNationality "IRL"]
[BlackNationality "IRL"]
[WhiteFideId "2501511"]
[BlackFideId "2501570"]
[PlyCount "37"]
[EventDate "2010.07.03"]

{ Event information: <a
href="https://www.irlchess.com/irlch2010_allfiles/pairings_irlch2010.html">Tournament
report</a>. }

1. e4 c6 2. d4 d5 3. exd5 cxd5 4. c4 Nf6 5. Nc3 Nc6 6. Nf3 Bg4 7. cxd5 Nxd5
8. Qb3 Bxf3 9. gxf3 Nb6 10. Be3 e6 11. d5 exd5 12. O-O-O Rc8 13. Bh3 Rc7
14. Bxb6 axb6 15. Rhe1+ Be7 16. Nxd5 Kf8 17. Nxc7 Qxc7 18. Rd7 Qxh2 19.
Rexe7 1-0

[Event "Irish Championship 2010"]
[Site "Dublin IRL"]
[Date "2010.07.05"]
[Round "3"]
[White "Fitzsimons, David"]
[Black "Benson, Oisin P."]
[Result "0-1"]
[WhiteElo "2263"]
[BlackElo "2062"]
[WhiteICU "2260"]
[BlackICU "1970"]
[WhiteClub "Elm Mount"]
[BlackClub "St. Benildus"]
[WhiteNationality "IRL"]
[BlackNationality "IRL"]
[WhiteFideId "2501961"]
[BlackFideId "2501821"]
[PlyCount "184"]
[EventDate "2010.07.03"]
[BlackFullName "Benson, Ois&iacute;n P."]

{ Event information: <a
href="https://www.irlchess.com/irlch2010_allfiles/pairings_irlch2010.html">Tournament
report</a>. }

1. e4 c5 2. Nf3 d6 3. d4 cxd4 4. Nxd4 Nf6 5. Nc3 a6 6. Be3 e5 7. Nb3 Be6 8.
f3 Nbd7 9. Qd2 b5 10. O-O-O Nb6 11. Qf2 Nfd7 12. f4 b4 13. Nd5 Bxd5 14.
exd5 Qc7 15. Kb1 Be7 16. Na5 O-O 17. Qd2 Bf6 18. Nc6 Rfc8 19. Be2 exf4 20.
Bxf4 Na4 21. Qxb4 Nxb2 22. Bxd6 a5 23. Bxc7 axb4 24. Bd6 Nxd1 25. Rxd1 Nb6
26. Bg4 Nxd5 27. Bxc8 Nc3+ 28. Kc1 Bg5+ 29. Rd2 Bxd2+ 30. Kxd2 Ne4+ 31. Ke3
Nxd6 32. Bh3 Rxa2 33. Nxb4 Ra1 34. Kd4 Rd1+ 35. Kc5 Ne4+ 36. Kb5 Nc3+ 37.
Kc4 Ne2 38. Nd5 Rh1 39. Bg4 Nc1 40. h3 Rg1 41. Bf3 Re1 42. Kc3 Re8 43. Kd2
Na2 44. c3 Kf8 45. Kc2 Re1 46. Bd1 f5 47. Bf3 g5 48. Kb2 Nc1 49. Kc2 Rg1
50. Ne3 f4 51. Nd1 Na2 52. Nf2 h5 53. Kd2 Nc1 54. Ne4 g4 55. hxg4 hxg4 56.
Bxg4 Rxg2+ 57. Kxc1 Rxg4 58. Nf2 Rg3 59. Kd2 Ke7 60. Nd3 Rg4 61. Ne5 Rg1
62. Kd3 Kf6 63. Nf3 Ra1 64. Ke4 Ra4+ 65. Kd5 Kf5 66. c4 Kg4 67. Ne5+ Kf5
68. c5 Ra5 69. Nf3 Ra3 70. Nd4+ Kf6 71. c6 Ke7 72. Ke4 Ra4 73. Ke5 Rb4 74.
Nf5+ Kd8 75. Kd6 Rc4 76. Kd5 Rc3 77. Kd4 Rxc6 78. Ke4 Rc4+ 79. Kf3 Kd7 80.
Nh4 Ke6 81. Ng6 Kf5 82. Ne7+ Kg5 83. Nd5 Rd4 84. Nc7 Rd3+ 85. Kf2 Kg4 86.
Nb5 Rd2+ 87. Kf1 f3 88. Nc3 Rc2 89. Nd5 Kg3 90. Ke1 f2+ 91. Kd1 f1=Q+ 92.
Kxc2 Qf5+ 0-1

[Event "Irish Championship 2010"]
[Site "Dublin IRL"]
[Date "2010.07.05"]
[Round "3"]
[White "Delaney, John"]
[Black "Butler, Kevin C."]
[Result "1-0"]
[WhiteTitle "FM"]
[WhiteElo "2210"]
[BlackElo "2054"]
[WhiteICU "2198"]
[BlackICU "1955"]
[WhiteClub "Rathmines"]
[BlackClub "Phibsboro"]
[WhiteNationality "IRL"]
[BlackNationality "IRL"]
[WhiteFideId "2500060"]
[BlackFideId "2501538"]
[PlyCount "143"]
[EventDate "2010.07.03"]

{ Event information: <a
href="https://www.irlchess.com/irlch2010_allfiles/pairings_irlch2010.html">Tournament
report</a>. }

1. e4 e5 2. Nf3 Nc6 3. Bc4 Nf6 4. d3 Be7 5. Nc3 O-O 6. h3 d6 7. Be3 Na5 8.
Bb3 Nxb3 9. axb3 a6 10. d4 exd4 11. Nxd4 Re8 12. Qf3 Bd7 13. g4 g6 14.
O-O-O Be6 15. Nf5 Nd7 16. Nxe7+ Qxe7 17. Qg3 f6 18. h4 Ne5 19. f3 Rad8 20.
Rd2 Qf7 21. Nd5 Bxd5 22. Rxd5 c6 23. Rd2 Qe6 24. Rhd1 Rd7 25. Kb1 d5 26.
exd5 cxd5 27. Bd4 Nc6 28. Bc5 b5 29. Rd3 Ne5 30. Re3 Qc6 31. Bd4 Rde7 32.
Rde1 Qd6 33. g5 Nf7 34. Rxe7 Rxe7 35. Rxe7 Qxe7 36. gxf6 Qd6 37. Qe1 h6 38.
Qe7 Qxe7 39. fxe7 Nd6 40. Be5 Ne8 41. Bf4 Kf7 42. Bxh6 Kxe7 43. c3 Nd6 44.
Kc2 Ke6 45. Kd3 Nf5 46. Bg5 Kd6 47. c4 dxc4+ 48. bxc4 bxc4+ 49. Kxc4 Kc6
50. Bf6 Kd6 51. Kc3 Ke6 52. Bd8 Kd5 53. Kb4 Nd4 54. Bf6 Nxf3 55. Ka5 Nd2
56. Kxa6 Ne4 57. Be7 Kc6 58. Ka5 Ng3 59. b4 Nf5 60. b5+ Kb7 61. Bf6 Ne3 62.
Bd4 Nf5 63. Bf2 Nd6 64. Kb4 Kc8 65. Bd4 Nf5 66. Bf6 Nd6 67. Bg5 Nb7 68. b6
Kd7 69. Kb5 Kd6 70. Ka6 Nc5+ 71. Ka7 Kc6 72. Be7 1-0

[Event "Irish Championship 2010"]
[Site "Dublin IRL"]
[Date "2010.07.06"]
[Round "4"]
[White "Brady, Stephen"]
[Black "O'Connell, Gerard"]
[Result "1/2-1/2"]
[WhiteTitle "FM"]
[WhiteElo "2376"]
[BlackElo "2136"]
[WhiteICU "2354"]
[BlackICU "2095"]
[WhiteClub "Phibsboro"]
[BlackClub "St. Benildus"]
[WhiteNationality "IRL"]
[BlackNationality "IRL"]
[WhiteFideId "2500124"]
[BlackFideId "2500493"]
[PlyCount "122"]
[EventDate "2010.07.03"]

{ Event information: <a
href="https://www.irlchess.com/irlch2010_allfiles/pairings_irlch2010.html">Tournament
report</a>. }

1. b3 e5 2. Bb2 d6 3. e3 g6 4. f4 Bg7 5. Nf3 Nf6 6. fxe5 Ng4 7. Bc4 d5 8.
Be2 Nd7 9. O-O O-O 10. Nc3 Ndxe5 11. Nxe5 Nxe5 12. Qe1 Bg4 13. d4 Bxe2 14.
Qxe2 Nc6 15. Qb5 Qg5 16. Rae1 Ne7 17. Ba3 c6 18. Qxb7 Rae8 19. Nd1 Nf5 20.
Bxf8 Kxf8 21. Qxc6 Nxe3 22. Qd6+ Kg8 23. Qg3 Qxg3 24. hxg3 Bxd4 25. Nxe3
Bxe3+ 26. Kh1 d4 27. Rf3 Re5 28. g4 Rg5 29. c4 Rxg4 30. c5 Rh4+ 31. Rh3 Re4
32. b4 f5 33. g3 d3 34. a3 d2 35. Rd1 Bg5 36. Kg2 Rc4 37. g4 $2 (37. Kf2
$10) 37... fxg4 (37... Rc1 38. Rhh1 fxg4 $19) 38. Rd3 h5 39. Rd5 Bf4 40. b5
h4 (40... Rc1 41. R1xd2 Bxd2 42. Rxd2 Rxc5 $19) 41. c6 h3+ 42. Kf2 Rc3 (
42... g3+ 43. Ke2 g2 $19) 43. Ke2 g3 44. R5xd2 Bxd2 (44... Re3+ 45. Kf1
Rf3+ 46. Ke1 h2 $19) 45. Kxd2 Rc5 46. Ke3 Rxb5 $2 (46... Kf7 $19) 47. Rc1
$17 Rb8 48. Kf3 g2 49. Kg3 Rc8 50. Kxh3 Rxc6 51. Rd1 Kf7 $2 (51... Rc3+ 52.
Kxg2 Rxa3 $19) 52. Kxg2 Kf6 53. Rd4 Rc3 54. Ra4 Rc7 55. Ra5 Kg7 56. Kg3 Kh6
57. Kg4 Rc4+ 58. Kg3 Rc7 59. Kg4 Rd7 60. Kh4 Rd4+ 61. Kg3 Rd7 1/2-1/2

[Event "Irish Championship 2010"]
[Site "Dublin IRL"]
[Date "2010.07.06"]
[Round "4"]
[White "Short, Philip"]
[Black "Rodriguez Lopez, Rafael"]
[Result "0-1"]
[WhiteTitle "FM"]
[BlackTitle "IM"]
[WhiteElo "2296"]
[BlackElo "2312"]
[WhiteICU "2238"]
[WhiteNationality "IRL"]
[BlackNationality "ESP"]
[WhiteFideId "2500086"]
[BlackFideId "2204495"]
[PlyCount "66"]
[EventDate "2010.07.03"]

{ Event information: <a
href="https://www.irlchess.com/irlch2010_allfiles/pairings_irlch2010.html">Tournament
report</a>. }

1. d4 Nf6 2. Nf3 e6 3. c4 c5 4. d5 d6 5. Nc3 exd5 6. cxd5 g6 7. Bf4 Bg7 8.
Qa4+ Bd7 9. Qb3 Qc7 10. e4 O-O 11. Be2 Re8 12. Nd2 Na6 13. O-O Rab8 14. a4
Nb4 15. h3 a6 16. Bh2 b5 17. axb5 Bxb5 18. Nxb5 axb5 19. Bf3 Nd7 20. Ra3
Nb6 21. Rb1 Bh6 22. Qd1 Bxd2 23. Qxd2 Nc4 24. Qe2 Nxa3 25. bxa3 Nxd5 26.
Qd2 Nb6 27. Qxd6 Qxd6 28. Bxd6 Rbc8 29. Rxb5 Nc4 30. Bf4 Nxa3 31. Rb3 Nc2
32. Bg4 Nd4 33. Rc3 Rxe4 0-1

[Event "Irish Championship 2010"]
[Site "Dublin IRL"]
[Date "2010.07.06"]
[Round "4"]
[White "Redmond, John P."]
[Black "Delaney, John"]
[Result "0-1"]
[BlackTitle "FM"]
[WhiteElo "2205"]
[BlackElo "2210"]
[BlackICU "2198"]
[WhiteClub "Atticus ENG"]
[BlackClub "Rathmines"]
[WhiteNationality "IRL"]
[BlackNationality "IRL"]
[WhiteFideId "2500051"]
[BlackFideId "2500060"]
[PlyCount "68"]
[EventDate "2010.07.03"]

{ Event information: <a
href="https://www.irlchess.com/irlch2010_allfiles/pairings_irlch2010.html">Tournament
report</a>. }

1. Nf3 Nf6 2. c4 g6 3. b4 Bg7 4. Bb2 O-O 5. g3 a5 6. b5 d6 7. Bg2 e5 8. O-O
Re8 9. d3 Nbd7 10. Qc2 Nc5 11. Nbd2 Bf5 12. Nh4 Be6 13. Rad1 Qc8 14. Rfe1
a4 15. Ba3 Bh3 16. Bh1 Ne6 17. Nhf3 Nd7 18. Nb1 Ndc5 19. Nc3 c6 20. bxc6
bxc6 21. Rb1 Qc7 22. Rb4 f5 23. Bc1 Qa5 24. a3 e4 25. dxe4 Na6 26. Bd2 Nxb4
27. axb4 Qxb4 28. exf5 Bxf5 29. e4 Bg4 30. Nb5 Qb3 31. Qxb3 axb3 32. Nxd6
Reb8 33. Be3 Bxf3 34. Bxf3 b2 0-1